Szczegóły MARC21

Istoriâ russkoj literatury vtoroj poloviny XX veka /

003 -Nazwa inst., której nr kontr. jest w polu 001 [,]
    • @
    • Nazwa instytucji, której n kontrolny jest w polu 001
    • NUKAT
005 -DATA I CZAS OSTATNIEJ MODYFIKACJI [,]
    • @
    • pole kontrolne
    • 20241231095347.0
020 -Międzynarod. znormalizowany nr książki - ISBN [ , ]
    • a
    • Numer ISBN
    • 5060042359 Find
040 -Instytucja sporządzająca opis [ , ]
    • a
    • Instytucja, która sporządziła opis (NP)
    • WR U/es
    • c
    • Instytucja, która sporządziła rekord (NP)
    • WR U/es
    • d
    • Instytucja, która zmodyfikowała rekord (P)
    • WR U/dl
942 -Rodzaj dokumentu [ , ]
    • c
    • Rodzaj dokumentu
    • Książka
100 -Hasło główne - nazwa osobowa [1, ]
    • a
    • Nazwa osobowa (NP)
    • Zajcev, Vladislav Alekseevič
    • d
    • Daty biograficzne (NP)
    • (1929-2011).
    • 9
    • KHW
    • 451143
245 -Strefa tytułu i oznaczenia odpowiedzialności [1,0]
    • a
    • Tytuł
    • Istoriâ russkoj literatury vtoroj poloviny XX veka / Find
    • c
    • Pozostałe elementy strefy tytułu i oznaczenia odpowiedzialności (NP)
    • V. A. Zajcev, A. P. Gerasimenko.
246 -Wariant tytułu [1,8]
    • a
    • Tytuł (NP)
    • Istoriâ russkoj literatury XX veka
260 -Strefa adresu wydawniczego [ , ]
    • a
    • Miejsce wydania (P)
    • Moskva :
    • b
    • Nazwa wydawcy (P)
    • "Vysšaâ škola",
    • c
    • Data wydania (P)
    • 2004.
300 -Strefa opisu fizycznego [ , ]
    • a
    • Określenie formy książki i/lub objętość (NP)
    • 454, [2] s. ;
    • c
    • Format (NP)
    • 21 cm.
336 -Typ zawartości [ , ]
    • a
    • Termin opisujący typ zawartości
    • Tekst
    • b
    • Kod określający zawartość
    • txt
    • 2
    • Źródło (terminu i kodu)
    • rdacontent
337 -Typ mediów [ , ]
    • a
    • Tryb odtwarzania
    • Bez urządzenia pośredniczącego
    • b
    • Kod typu mediów
    • n
    • 2
    • Źródło (terminu i kodu)
    • rdamedia
338 -Typ/rodzaj nośnika [ , ]
    • a
    • Hasło opisujące typ nośnika
    • Wolumin
    • b
    • Kod typu nośnika
    • nc
    • 2
    • Źródło (terminu i kodu)
    • rdacarrier
504 -Uwaga dot. bibliogr. załącznikowej [ , ]
    • a
    • Uwaga dot. bibliografii załącznikowej
    • Bibliogr. s. 438-[440].
521 -Uwaga dot. przeznaczenia czytelniczego [8, ]
    • a
    • Uwaga dot. przeznaczenia czytelniczego
    • "Dlâ studentov-filologov universitetov i pedagogičeskih institutov".
546 -Uwaga dot. języka [ , ]
    • b
    • Uwaga dot. alfabetu
    • Alfabet cyryl.
080 -Uniwersalna Klasyfikacja Dziesiętna [ , ]
    • 2
    • Identyfikator wydania tablic
    • UDC-P058
    • 9
    • UKD
    • 8285
    • a
    • Symbol klasyfikacji
    • 821.161.1(091)
    • b
    • Dopowiedzenie
    • Literatura rosyjska (historia).
    • 4
    • UKD2
    • 8619
    • x
    • Poddział wspólny
    • "195/199"
    • c
    • Dopowiedzenie poddz. wspólnego
    • Wiek XX - II połowa.
    • 4
    • UKD2
    • 7665
    • x
    • Poddział wspólny
    • (075.8)
    • c
    • Dopowiedzenie poddz. wspólnego
    • (Podręczniki dla szkół wyższych. Skrypty).
    • 4
    • UKD2
    • 7659
    • x
    • Poddział wspólny
    • =161.1
    • c
    • Dopowiedzenie poddz. wspólnego
    • =Język rosyjski.
980 -Symbol UKD [ , ]
    • a
    • UKD
    • 821.161.1(091)"195/199"(075.8)=161.1
700 -Hasło dodatkowe - nazwa osobowa [1, ]
    • a
    • Nazwa osobowa (NP)
    • Gerasimenko, Alla Pavlovna. Find
    • 9
    • KHW
    • 529881
920 -ISBN [ , ]
    • a
    • ISBN
    • 5-06-004235-9 Find
Numer inwentarzowy Sygnatura Status udost. Lokalizacja Data inwentaryzacji
P.22160ROS. Historia lit. rosyjskiej 101BM2010-02-16